"Carolina" - All Lyrics (Taylor Swift) - Statistics

General Stats
  • This quiz has been taken 10 times
  • The average score is 189 of 233
Answer Stats
Lyrics % Correct
a
100%
And
100%
and
100%
Carolina
100%
here
100%
I
100%
know
100%
knows
100%
me
100%
me?
100%
me,
100%
my
100%
never
100%
never,
100%
No,
100%
no
100%
Oh,
100%
see
100%
she
100%
she's
100%
you
100%
as
89%
But
89%
did
89%
ever
89%
for
89%
go
89%
I'll
89%
in
89%
on
89%
that
89%
That
89%
the
89%
there
89%
are
78%
didn't
78%
dreams
78%
guilty
78%
only
78%
places
78%
said
78%
sin
78%
they
78%
They
78%
things
78%
was
78%
whispers
78%
why,
78%
will
78%
years,
78%
always
67%
bed
67%
between
67%
born,
67%
came,
67%
comes
67%
count
67%
creeks
67%
fast
67%
Into
67%
into
67%
it
67%
It's
67%
liar's
67%
light
67%
lonesome
67%
Lonesome
67%
Lost
67%
make
67%
mist,
67%
sea
67%
sleep
67%
stay
67%
they've
67%
veins
67%
birds,
56%
clouds
56%
cover
56%
Don't
56%
fist,
56%
Free
56%
ghosts
56%
like
56%
meet
56%
pines,
56%
roam
56%
running
56%
sand,
56%
saw
56%
these
56%
through
56%
we
56%
won't
56%
back
44%
Blue
44%
down
44%
dress
44%
fled
44%
leave
44%
life
44%
marks
44%
Muddy
44%
road
44%
scars,
44%
stains
44%
weave
44%
webs
44%
Hide
33%
Indelible
33%
left
33%
robes
33%
pivotal
22%
No matching quizzes found
Score Distribution
Percent of People with Each Score
Percentile by Number Answered
Your Score History
You have not taken this quiz